000 00881nam0a22002531 4500
001 RU\INFOCOMM_322\NLR\5000081857
005 20250613104429.0
035 _a(NLR Aleph) 009503937
090 _a8723319
_c8723319
100 _a20121130d1977 |||y0rusy50 ca
101 0 _aspa
102 _aRU
105 _ay z |||||
200 1 _aInvestigaciones soviéticas sobre historia de la ciencia
210 _aМосква
_cНаука
_d1977
215 _a264 с.
_d22 см
225 1 _aProblemas del mundo contemporaneo
_fAcad. de ciencias de la URSS. Inst. de historia de las ciencias naturales y la técnica
_v49
320 _aБиблиогр. в конце статей
712 0 2 _aInstituto de historia de las ciencias naturales y la técnica
_cMoscú
_4570
801 1 _aRU
_bNLR
_c20121130
801 0 _aRU
_bINFOCOMM
_gPSBO
852 _aNLR
_jP22/2793
942 _cBOOK
980 _aNB